UBT Library

Handbook of the engineering sciences. (Record no. 44572)

000 -LEADER
fixed length control field 00604cam a22002171 4500
001 - CONTROL NUMBER
control field 4534925
005 - DATE AND TIME OF LATEST TRANSACTION
control field 20180309072052.0
008 - FIXED-LENGTH DATA ELEMENTS--GENERAL INFORMATION
fixed length control field 740506s1967 njua b 000 0 eng
010 ## - LIBRARY OF CONGRESS CONTROL NUMBER
LC control number 67004632
040 ## - CATALOGING SOURCE
Original cataloging agency DLC
Transcribing agency DLC
Modifying agency DLC
041 ## - LANGUAGE CODE
Language code of text/sound track or separate title eng
080 ## - UNIVERSAL DECIMAL CLASSIFICATION NUMBER
Universal Decimal Classification number 620 POT
082 00 - DEWEY DECIMAL CLASSIFICATION NUMBER
Classification number 620 POT
100 1# - Rafti
Rafti 27
101 ## - Shkurtesa
Shkurtesa MEK
245 10 - TITLE STATEMENT
Title Handbook of the engineering sciences.
Statement of responsibility, etc Prepared by a staff of specialists and edited by James H. Potter.
504 ## - BIBLIOGRAPHY, ETC. NOTE
Bibliography, etc Includes bibliographies.
740 0# - ADDED ENTRY--UNCONTROLLED RELATED/ANALYTICAL TITLE
Uncontrolled related/analytical title Engineering sciences.
906 ## - LOCAL DATA ELEMENT F, LDF (RLIN)
a 7
b cbc
c orignew
d u
e ocip
f 19
g y-gencatlg
942 ## - ADDED ENTRY ELEMENTS (KOHA)
Source of classification or shelving scheme
Item type Books
Holdings
Withdrawn status Lost status Source of classification or shelving scheme Damaged status Not for loan Collection code Permanent location Current location Shelving location Date acquired Total Checkouts Full call number Barcode Date last seen Price effective from Koha item type
          Koleksioni i përgjithshem UBT - Lipjan UBT - Lipjan Koleksioni i përgjithshem 03/09/2018   620 POT 002-3000891 03/09/2018 03/09/2018 Books
UBT Library © 2015-2024. All rights reserved University Education for Business and Technology